Normal view
MARC view
- Salman Ahmad
Entry Personal Name
001 - CONTROL NUMBER
- control field: 92179
003 - CONTROL NUMBER IDENTIFIER
- control field: NUST
005 - DATE AND TIME OF LATEST TRANSACTION
- control field: 20220702141945.0
008 - FIXED-LENGTH DATA ELEMENTS
- fixed length control field: 220702|| aca||aabn | a|a d
040 ## - CATALOGING SOURCE
- Original cataloging agency: NUST
- Transcribing agency: NUST
100 ## - HEADING--PERSONAL NAME
- Personal name: Salman Ahmad
670 ## - SOURCE DATA FOUND
- Source citation: Work cat.: (NUST)10058: Saad Ahmad, Fire alarm and suppression system, 2009.
